Κωνσταντίνος Καβάφης

Αποθηκεύτηκε σε:
Λεπτομέρειες βιβλιογραφικής εγγραφής
Κύριος συγγραφέας: Καβάφης, Κωνσταντίνος Π., 1863-1933
Άλλοι συγγραφείς: Λαμπέτη, Έλλη, 1926-1983 (nrtf)
Μορφή: Ηχητικό
Γλώσσα:Greek
Δημοσίευση: [Χ.τ.] : Lyra : Εταιρία Γενικών Εκδόσεων, p2008.
Σειρά:Έλληνες ποιητές διαβάζουν έργα τους ; 21
Θέματα:
Ετικέτες: Προσθήκη ετικέτας
Δεν υπάρχουν, Καταχωρήστε ετικέτα πρώτοι!

MARC

LEADER 00000cjm a2200000 i 4500
001 1/5552
008 100311s2008 gr ||||||| | | gre||
028 0 2 |a 2711602039   |b Lyra 
035 |l 10107201 
040 |a GR-MyUa  |b gre  |e AACR2 
041 0 |a gre 
082 7 |2 (22) 
100 1 |a Καβάφης, Κωνσταντίνος Π.,   |d 1863-1933. 
245 1 0 |a Κωνσταντίνος Καβάφης   |h [ηχογράφηση]. 
260 |a [Χ.τ.] :   |b Lyra :   |b Εταιρία Γενικών Εκδόσεων,   |c p2008. 
300 |a 1 δίσκος CD (27 λεπτ.) :   |b ψηφιακός, στέρεο ;   |c 4 3/4 ίν. 
490 1 |a (Έλληνες ποιητές διαβάζουν έργα τους ;   |v 21) 
505 8 |a Ηχογραφήσεις του 1981: 1. Ιθάκη (1911) -- 2. Μια νύχτα (1915) -- 3. Επιθυμίες (1904) -- 4. Ζωγραφισμένα (1915) -- 5. Γκρίζα (1917) -- 6. Μέρες του 1908 (1932) -- 7. Μακρυά (1914) -- 8. Η Πόλις (1910) -- 9. Λάνη τάφος (1918) -- 10. Φωνές (1904) -- 11. Τελειωμένα (1911) -- 12. Δυο νέοι, 23 έως 24 ετών (1927) -- 13. Ωραία λουλούδια κι άσπρα ως ταίριαζαν πολύ (1929) -- 14. Απ' τες εννιά (1918) -- Ηχογραφήσεις του 1975: 15. Το πρώτο σκαλί (1899) -- 16. Τρώες (1905) -- 17. Τα επικίνδυνα (1911) -- 18. Αλεξανδρινοί βασιλείς (1912) -- 19. Ίαση τάφος (1917) -- 20. Επέστρεφε (1912) -- 21. Ας φρόντιζαν (1930) -- 22. Μύρης Αλεξάνδρεια του 340 μ.Χ. (1929) -- 23. Του πλοίου (1919) -- 24. Έτσι πολύ ατένισα (1917) -- 25. Απολείπειν ο θεός Αντώνιον (1911). 
511 0 |a Διαβάζει η Έλλη Λαμπέτη. 
650 0 |a Greek poetry, Modern  |y 20th century. 
700 1 |a Λαμπέτη, Έλλη,   |d 1926-1983,  |e nrtf 
830 0 |a Έλληνες ποιητές διαβάζουν έργα τους ;  |v 21 
852 |a INST  |b SYROS  |c AV  |e 20100311  |h 889.1 ΚΑΒ  |p 005500007776  |q 005500007776  |t CD  |y 23 
901 |a BIBL1-2006-1 
970 |a Κοντού  |b Παρασκευή  |z 10/03/2010